Statistics for Australian Overseas Territories

Click here to take the quiz!

General Stats

  • This quiz has been taken 165 times
  • The average score is 5 of 8

Answer Stats

Hint Answer % Correct
Christmas Island
94%
Norfolk Island
83%
Cocos Islands
72%
Coral Sea Islands
58%
Australian Antarctic Territory
58%
Ashmore and Cartier Islands
51%
Mcdonald Island
48%
Heard Island
47%

Score Distribution

Percentile by Number Answered

Percent of People with Each Score

Your Score History

You have not taken this quiz